| 000 | 00736nam a2200229 a 4500 | ||
|---|---|---|---|
| 001 | 000010179 | ||
| 005 | 20250219074027.0 | ||
| 008 | 091005s1995 dr 000 p spa d | ||
| 040 |
_aDO-SdBNP _bspa _cBNPHU |
||
| 082 |
_aRD861.44 _bG643h |
||
| 100 | 1 |
_aGonzález, Rafael, _d1963- _925179 |
|
| 245 | 1 | 0 |
_aHechizo de luna / _cRafael González ; prólogo Isael Pérez. |
| 260 |
_aSanto Domingo : _bBúho, _c1995. |
||
| 300 |
_a167 p. ; _c22 cm. |
||
| 490 | 1 | _aA los cuatro vientos | |
| 590 | _aInventariado, 2018/LP | ||
| 650 | 0 |
_aPoesía dominicana _966 |
|
| 650 | 0 |
_aLiteratura dominicana. _967 |
|
| 700 | 1 |
_aPérez, Isael, _d1961- _epról. _91414 |
|
| 830 | 0 |
_aA los cuatro vientos _925180 |
|
| 910 | _aValidado. Control de calidad BNPHU | ||
| 999 |
_c9938 _d9938 |
||